Statistieken voor Grootste Steden in de Verenigde Staten

Klik hier om de quiz te nemen!

Algemene statistieken

  • Deze quiz is 267 keer genomen
  • De gemiddelde score is 19 van 50

Antwoordstatistieken

BevolkingStaatStad% Correct
8,336,817New YorkNew York Stad
96%
3,979,576CaliforniëLos Angeles
90%
2,693,976IllinoisChicago
88%
705,749Wijk van ColumbiaWashington
82%
467,963FloridaMiami
80%
2,320,268TexasHouston
75%
881,549CaliforniëSan Francisco
74%
692,600MassachusettsBoston
69%
651,319NevadaLas Vegas
67%
1,343,573TexasDallas
64%
753,675WashingtonSeattle
64%
727,211ColoradoDenver
60%
1,584,064PennsylvaniaPhiladelphia
58%
506,811GeorgiëAtlanta
57%
1,423,851CaliforniëSan Diego
57%
670,031MichiganDetroit
54%
1,680,992ArizonaPhoenix
52%
390,144LouisianaNew Orleans
42%
876,384IndianaIndianapolis
41%
654,741OregonPortland
41%
978,908TexasAustin
40%
513,624CaliforniëSacramento
40%
651,073TennesseeMemphis
36%
1,021,795CaliforniëSan Jose
34%
670,820TennesseeNashville
33%
885,708Noord CarolinaCharlotte
31%
429,606MinnesotaMinneapolis
30%
1,547,253TexasSan Antonio
29%
593,490MarylandBaltimore
28%
911,507FloridaJacksonville
28%
399,700FloridaTampa
28%
590,157WisconsinMilwaukee
24%
681,728TexasEl Paso
23%
898,553OhioColumbus
20%
560,513New MexicoAlbuquerque
19%
548,073ArizonaTucson
16%
531,576CaliforniëFresno
11%
478,192NebraskaOmaha
11%
617,638KentuckyLouisville
10%
433,031CaliforniëOakland
10%
401,190OklahomaTulsa
10%
474,069Noord CarolinaRaleigh
9%
478,221ColoradoColorado Springs
7%
495,327KansasKansas Stad
7%
518,012ArizonaMesa
7%
398,854TexasArlington
6%
655,057OklahomaOklahoma Stad
3%
909,585TexasFort Waard
2%
462,628CaliforniëLang Strand
2%
449,974VirginiaVirginia Strand
2%

Scoreverdeling

Percentiel versus Aantal Correcte Antwoorden

Procent van Mensen met Elke Score

Uw Scoregeschiedenis

U heeft deze quiz nog niet genomen